10 Best AC/DC Songs - Statistics

General Stats
  • This quiz has been taken 94 times
  • The average score is 6 of 10
Answer Stats
Hint Answer % Correct
1. Back In Black
95%
2. Thunderstruck
92%
6. Highway To Hell
90%
8. Hells Bells
73%
3. You Shook Me All Night Long
69%
9. Shoot To Thrill
44%
4. Whole Lotta Rosie
36%
7. It's A Long Way To The Top
35%
10. Let There Be Rock
35%
5. Ride On
6%
No matching quizzes found
Score Distribution
Percent of People with Each Score
Percentile by Number Answered
Your Score History
You have not taken this quiz